Loading...
| LEADER | 00522nam a2200169Ia 4500 | ||
|---|---|---|---|
| 008 | 140306s9999 xx 000 0 und d | ||
| 041 | |a eng | ||
| 082 | |a 634.9 |b CHE/SP | ||
| 100 | |a Cheney, N P | ||
| 245 | |a Special reading in conservation | ||
| 260 | |a Rome |b F A O |c 1978 | ||
| 300 | |a 101 | ||
| 365 | |b USD.4.50 | ||
| 650 | |a Forestry | ||
| 942 | |2 ddc |c BK | ||
| 999 | |c 107141 |d 107141 | ||
| 952 | |0 0 |1 0 |2 ddc |4 0 |6 634_900000000000000_CHESP |7 0 |9 104277 |a KAUHCV |b KAUHCV |d 2004-03-18 |g 4.50 |o 634.9 CHE/SP |p KAU_HCV-16247 |r 2014-03-22 |w 2014-03-22 |y BK | ||